Normal view
MARC view
- ANAGHA BALAN
Entry Personal Name
001 - CONTROL NUMBER
- control field: 4001
003 - CONTROL NUMBER IDENTIFIER
- control field: OSt
005 - DATE AND TIME OF LATEST TRANSACTION
- control field: 20181122114452.0
008 - FIXED-LENGTH DATA ELEMENTS
- fixed length control field: 181122|| aca||aabn | a|a d
040 ## - CATALOGING SOURCE
- Original cataloging agency: OSt
- Transcribing agency: OSt
100 ## - HEADING--PERSONAL NAME
- Personal name: ANAGHA BALAN
670 ## - SOURCE DATA FOUND
- Source citation: Work cat.: (OSt)15035: ANAGHA BALAN ARATHY KRISHNAN JOSNA K LIBINA STEPHEN, Identification of a mechanism for mechanical deseeding of tamarind
